<?xml version="1.0" encoding="UTF-8"?>
<collection xmlns="http://www.loc.gov/MARC21/slim">
  <record>
    <leader>00000nam  2200000   4500</leader>
    <controlfield tag="001">INLIS000000000003129</controlfield>
    <controlfield tag="005">20190213102943</controlfield>
    <datafield tag="035" ind1="#" ind2="#">
      <subfield code="a">0010-0718003129</subfield>
    </datafield>
    <controlfield tag="008">190213################g##########0#ind##</controlfield>
    <datafield tag="041" ind1=" " ind2=" ">
      <subfield code="a">id</subfield>
    </datafield>
    <datafield tag="082" ind1="#" ind2="#">
      <subfield code="a">001.5</subfield>
    </datafield>
    <datafield tag="090" ind1=" " ind2=" ">
      <subfield code="a">001.5 Pen</subfield>
    </datafield>
    <datafield tag="100" ind1=" " ind2="#">
      <subfield code="a">Lembaga Ilmu Pengetahuan Indonesia</subfield>
    </datafield>
    <datafield tag="245" ind1="1" ind2="#">
      <subfield code="a">Penelitian Penerapan Sistem Jaringan Informasi Untuk Peningkatan Penggunaan Produksi Dalam Negeri (Studi Kasus Informasi Baja) :</subfield>
      <subfield code="b">Studi Kasus Informasi Baja /</subfield>
      <subfield code="c">Lembaga Ilmu pengetahuan Indonesia</subfield>
    </datafield>
    <datafield tag="260" ind1="#" ind2="#">
      <subfield code="a">Jakata :</subfield>
      <subfield code="b">Lembaga Ilmu Pengetahuan Indonesia,</subfield>
      <subfield code="c">1986</subfield>
    </datafield>
    <datafield tag="300" ind1="#" ind2="#">
      <subfield code="a">vi 85hlm. :</subfield>
      <subfield code="b">ilus ;</subfield>
      <subfield code="c">21 cm</subfield>
    </datafield>
    <datafield tag="650" ind1=" " ind2="#">
      <subfield code="a">Penelitian-informasi baja</subfield>
    </datafield>
    <datafield tag="084" ind1="#" ind2="#">
      <subfield code="a">001.5 Pen</subfield>
    </datafield>
    <datafield tag="990" ind1="#" ind2="#">
      <subfield code="a">00125045</subfield>
    </datafield>
    <datafield tag="990" ind1="#" ind2="#">
      <subfield code="a">00125045</subfield>
    </datafield>
  </record>
</collection>
